000
00257nam a22001217a 4500
003
SGT
020
_a
658.8
082
_a
GUP
100
_a
GUPTA, PRACHI
245
_a
MARKETING MANAGEMENT: INDIAN CASES
260
_a
PEARSON INDIA
_c
2018
942
_2
ddc
_c
BK
_0
7
999
_c
14312
_d
14312